[Event "XXIV Weekend C"]
[Site "Ceriano Laghetto ITA"]
[Date "2015.03.08"]
[Round "5"]
[White "Ruggiero, Paolino"]
[Black "Cassi, Elisa"]
[WhiteElo "1508"]
[BlackElo "1470"]
[Result "1-0"]
[PlyCount "119"]
[EventDate "2015.03.06"]

1. e4 e5 2. f4 exf4 3. Bc4 Qh4+ 4. Kf1 Bc5 5. d4 Bb6 6. Nf3 Qd8 7. Bxf4 Ne7 8.
Bxf7+ Kxf7 9. Ne5+ Ke8 10. c3 d6 11. Nd3 Rf8 12. Ke1 Ng6 13. Qh5 Be6 14. Bg5
Qd7 15. Qxh7 Qf7 16. Qh5 Nd7 17. Nd2 Nf6 18. Qe2 Kd7 19. Bxf6 Qxf6 20. d5 Bg8
21. Rf1 Qe7 22. Qg4+ Kd8 23. Qxg6 Rf6 24. Rxf6 Qxf6 25. Qxf6+ gxf6 26. Ke2 Kd7
27. Rf1 Rf8 28. Rf4 Bg1 29. Nf3 Bb6 30. Rg4 Bf7 31. Nf4 c6 32. Rg7 Kc8 33. c4
Be8 34. h4 f5 35. e5 dxe5 36. Nxe5 cxd5 37. Nxd5 Bd4 38. Rc7+ Kd8 39. Nd3 Bh5+
40. Kd2 Re8 41. N3f4 Bg4 42. Rxb7 a6 43. Kd3 Be5 44. c5 Bxf4 45. Nxf4 Re4 46.
g3 Bf3 47. Ra7 a5 48. Rxa5 Re5 49. b4 Kc7 50. a4 Be4+ 51. Kd4 Re7 52. b5 Rd7+
53. Kc4 Bf3 54. Ne6+ Kc8 55. Ra8+ Kb7 56. Rd8 Rxd8 57. Nxd8+ Kc7 58. Ne6+ Kd7
59. Nd4 Kc7 60. b6+ 1-0

[Event "XXIV Weekend C"]
[Site "Ceriano Laghetto ITA"]
[Date "2015.03.08"]
[Round "5"]
[White "Seva, Alessio"]
[Black "Bossoni, Alessandra"]
[WhiteElo "1446"]
[BlackElo "1489"]
[Result "0-1"]
[PlyCount "134"]
[EventDate "2015.03.06"]

1. d4 d6 2. e3 Nf6 3. Nf3 g6 4. c3 Bg7 5. Nbd2 Nc6 6. Bd3 O-O 7. O-O e5 8. Re1
Re8 9. dxe5 dxe5 10. Qc2 Bg4 11. e4 Nd7 12. h3 Bxf3 13. Nxf3 Nc5 14. Bc4 Ne6
15. Rd1 Qf6 16. Bxe6 Qxe6 17. Be3 Rad8 18. Qc1 Rxd1+ 19. Qxd1 Rd8 20. Qc1 Qc4
21. Nd2 Qd3 22. Qf1 Qxf1+ 23. Nxf1 f5 24. exf5 gxf5 25. f4 e4 26. Ng3 Ne7 27.
Bxa7 b6 28. a3 Ra8 29. Bxb6 cxb6 30. Rd1 Kf7 31. Rd7 Kf6 32. Rd6+ Kf7 33. Rxb6
Nd5 34. Rb7+ Kg6 35. Nxf5 Kxf5 36. Rxg7 Kxf4 37. Rxh7 Ke3 38. Rd7 Nf4 39. c4
Nd3 40. Rb7 Kd2 41. h4 e3 42. Re7 e2 43. Rxe2+ Kxe2 44. h5 Ke3 45. h6 Kd4 46.
g4 Rg8 47. h7 Rh8 48. g5 Rxh7 49. g6 Rg7 50. c5 Kxc5 51. b4+ Nxb4 52. axb4+
Kxb4 53. Kf2 Rxg6 54. Ke3 Rg4 55. Kd3 Kc5 56. Ke3 Kd5 57. Kd3 Rg3+ 58. Kd2 Kd4
59. Ke2 Ra3 60. Kf2 Ke4 61. Ke2 Ra2+ 62. Kd1 Kd3 63. Ke1 Rb2 64. Kf1 Ke3 65.
Kg1 Kf3 66. Kh1 Kg3 67. Kg1 Rb1# 0-1

[Event "XXIV Weekend C"]
[Site "Ceriano Laghetto ITA"]
[Date "2015.03.08"]
[Round "5"]
[White "Strada, Giorgio"]
[Black "Lamera, Giuseppe"]
[WhiteElo "1359"]
[BlackElo "1503"]
[Result "1-0"]
[PlyCount "119"]
[EventDate "2015.03.06"]

1. d4 d6 2. Nf3 g6 3. e3 Bg7 4. c3 c6 5. Bd3 Nf6 6. O-O Nbd7 7. Nbd2 a6 8. Re1
e5 9. dxe5 Nxe5 10. Bc2 O-O 11. Nxe5 dxe5 12. e4 Qc7 13. Nf1 Rd8 14. Qe2 Be6
15. Bg5 h6 16. Bh4 g5 17. Bg3 Bg4 18. f3 Be6 19. Ne3 Nh5 20. Qf2 Rd6 21. Ng4
Nxg3 22. Qxg3 Rd2 23. Rac1 Bxg4 24. Qxg4 Qb6+ 25. Kh1 Qxb2 26. Bb3 Rad8 27. Rb1
Qxc3 28. Qf5 R8d7 29. Rbc1 Qd4 30. h3 Qf2 31. Rg1 Bf8 32. Qg6+ Bg7 33. Qf5 c5
34. Bd5 Rc7 35. Rcf1 Qd4 36. Qg6 c4 37. Qd6 Qc5 38. Bxf7+ Kxf7 39. Qxd2 b5 40.
Qd5+ Qxd5 41. exd5 Rd7 42. Rd1 Rd6 43. Rgf1 Kf6 44. f4 exf4 45. g3 Kf5 46. g4+
Kg6 47. Rfe1 Kf6 48. Kg2 c3 49. Kf3 c2 50. Rd2 Kg6 51. Rxc2 Rxd5 52. Rc6+ Kh7
53. Rxa6 Rd3+ 54. Kg2 Rg3+ 55. Kh2 Rc3 56. Re2 f3 57. Rd2 Be5+ 58. Kg1 Rc7 59.
Kf2 b4 60. Kxf3 1-0